[Event "Central-SRB chT 2018"]
[Site "Kragujevac"]
[Date "2018.09.18"]
[Round "6"]
[White "Ilic, Zoran S"]
[Black "Markovic, Zoran S"]
[Result "1/2-1/2"]
[WhiteElo "2307"]
[BlackElo "2346"]
[Annotator "TA"]
[PlyCount "54"]
[EventDate "2018.09.14"]
[EventType "team-tourn"]
[EventCountry "SRB"]
[SourceTitle "playchess.com"]
[Source "ChessBase"]
[SourceQuality "1"]

{[%evp 25,54,12,14,0,0,0,0,0,0,0,25,25,31,0,0,0,0,0,0,0,0,-7,0,0,0,-25,0,0,0,0,7]} 1. d4 d5 2. Nf3 Nf6 3. c4 e6 4. Nc3 Be7 5. g3 O-O 6. Bg2 dxc4 7. Ne5 Nc6 8. Bxc6 bxc6 9. Nxc6 Qe8 10. Nxe7+ Qxe7 11. Qa4 c5 12. dxc5 {E06: Closed Catalan: Early deviations} Qxc5 13. Be3 Qc7 {LiveBook: 22 Games} 14. O-O-O {[%cal Ba1d1,Bd1d2,Bd2d7,Bd7b7][%mdl 32] [#]} Bb7 $146 ({Predecessor:} 14... Ng4 15. Rd2 Nxe3 16. fxe3 Rb8 17. Rhd1 a5 18. Kb1 h6 19. Ka1 Rb4 {1-0 (49) Caruana,F (2822)-Nakamura,H (2777) Saint Louis 2018}) 15. f3 Nd5 16. Bd4 a5 17. Rd2 Nb4 18. Qb5 {Black must now prevent Bxg7!} Nd5 19. e4 Nb4 $1 20. Bxg7 Kxg7 21. Rd7 Nd3+ 22. Kc2 Qc5 23. Rxb7 Qf2+ 24. Kb1 Qxf3 25. Rd1 Rfc8 26. Qg5+ Kh8 27. Ka1 Rg8 {Precision: White = 71%, Black = 71%.} 1/2-1/2

[Event "Central-SRB chT 2018"]
[Site "Kragujevac"]
[Date "2018.09.18"]
[Round "6"]
[White "Rajkovic, Mladen"]
[Black "Blesic, Vaso"]
[Result "1/2-1/2"]
[WhiteElo "2304"]
[BlackElo "2373"]
[Annotator "TA"]
[PlyCount "49"]
[EventDate "2018.09.14"]
[EventType "team-tourn"]
[EventCountry "SRB"]
[SourceTitle "playchess.com"]
[Source "ChessBase"]
[SourceQuality "1"]

{[%evp 21,49,27,47,0,0,0,0,0,-1,-8,-4,-2,0,0,0,0,0,0,0,0,3,27,9,0,0,0,0,0,0,0]} 1. e4 {[%cal Be2e4,Be4e5][%mdl 32]} Nf6 2. e5 Nd5 3. c4 Nb6 4. d4 d6 5. exd6 cxd6 6. Nc3 g6 7. Be3 Bg7 8. Rc1 O-O 9. b3 {[%cal Bb2b3,Bb3b4,Bb4b5][%mdl 32]} Bf5 10. Be2 {B03: Alekhine's Defence: Four Pawns Attack} (10. d5 e5 11. dxe6 Bxe6 12. Nge2 d5 13. c5 Nc6 14. Nd4 Bxd4 15. Bxd4 Re8 16. cxb6 Qh4 17. Ne2 axb6 {1-0 (38) Xiong,J (2618)-Kamsky,G (2678) Saint Louis 2016 CBM 172 [Mekhitarian,K]}) 10... d5 11. c5 Nc8 {LiveBook: 16 Games} 12. b4 {White is slightly better.} Nc6 13. b5 Nxd4 $1 14. Bxd4 e5 15. Nf3 exd4 16. Nxd4 Bh6 $146 ({Predecessor:} 16... Ne7 17. O-O Rc8 18. Nxf5 Nxf5 19. Nxd5 {½-½ (117) Drygalov,A (2430)-Baburin,A (2463) Cheliabinsk 2017}) 17. Nxf5 Bxc1 18. Qxc1 {[#] aiming for Nh6+.} gxf5 19. O-O Ne7 20. Rd1 Rc8 {[#]} 21. Nxd5 $1 {[%mdl 512]} Nxd5 22. Rxd5 {The position is equal.} Qxd5 23. Qg5+ Kh8 24. Qf6+ Kg8 25. Qg5+ 1/2-1/2

[Event "Central-SRB chT 2018"]
[Site "Kragujevac"]
[Date "2018.09.18"]
[Round "6"]
[White "Manic, Jovica"]
[Black "Perunovic, Miodrag"]
[Result "0-1"]
[WhiteElo "2255"]
[BlackElo "2433"]
[Annotator "TA"]
[PlyCount "126"]
[EventDate "2018.09.14"]
[EventType "team-tourn"]
[EventCountry "SRB"]
[SourceTitle "playchess.com"]
[Source "ChessBase"]
[SourceQuality "1"]

{[%evp 18,126,35,35,36,32,57,10,35,18,49,39,73,35,197,0,22,-8,-6,-14,-19,-27,22,29,23,21,21,16,12,0,82,77,107,89,91,91,237,45,34,35,34,0,0,0,0,0,0,0,0,0,66,50,83,66,73,26,35,21,45,32,40,4,25,14,32,0,0,0,0,0,0,0,0,0,-6,-6,-6,-8,-13,-133,-152,-232,-232,-349,-464,-391,-407,-389,-377,-315,-338,-519,-486,-29957,-29957,-29961,-29962,-29961,-29961,-29961,-29962,-29955,-29961,-29961,-29962,-29959,-29959,-29963,-29964,-29943,-29953]} 1. d4 Nf6 2. Bf4 e6 3. e3 b6 4. Nd2 Bb7 5. h3 Be7 6. Ngf3 O-O 7. Bd3 c5 8. c3 cxd4 {A47: 1 d4 Nf6 2 Nf3 b6: Torre, London and Colle Systems} 9. cxd4 (9. exd4 Ba6 10. Bxa6 {½-½ (10) Nisipeanu,L (2671)-Bauer,C (2647) Zuerich 2017}) 9... Nc6 10. a3 {LiveBook: 3 Games} d6 {White is slightly better.} 11. Qe2 Re8 12. Bh2 $146 ({Predecessor:} 12. O-O a6 13. Rfc1 Bf8 14. e4 e5 15. d5 Ne7 16. Be3 {0-1 (34) Gierth,J-Franzoni,G (2440) Switzerland 1998}) 12... Bf8 13. e4 a6 14. O-O b5 15. Rfe1 Qb6 $2 (15... Nd7 $14) 16. Qe3 $2 ({White must play} 16. e5 $18) 16... Rac8 17. Rac1 e5 {[%cal Re5d4]} 18. d5 Qxe3 19. fxe3 Na5 20. b3 g6 21. Kf2 Be7 22. Ke2 Kg7 23. Rf1 h6 (23... Rxc1 $11 24. Rxc1 Rc8) 24. Rxc8 $1 $16 Rxc8 {[#]} 25. Nxe5 $1 {[%mdl 512]} Rc3 (25... dxe5 26. Bxe5) 26. b4 Nc4 (26... Nb3 $16) 27. Nb1 $2 ({Much less strong is} 27. Ndxc4 $6 bxc4 28. Nxc4 Nxe4 $16) (27. Bxc4 $18 {Black must now prevent Bb3.} bxc4 28. Nexc4 Rxc4 29. Nxc4 Nxe4 30. Rc1) 27... Rxd3 $1 $14 28. Nxd3 {Threatens to win with Nc3.} Nxe4 29. Nf4 (29. Nf2 $5 {[%cal Rf2e4]} Bxd5 30. Rd1 $11) 29... g5 30. Nh5+ Kg6 31. Ng3 Nxg3+ 32. Bxg3 {Hoping for e4.} Bxd5 33. Rg1 Bf6 ({Better is} 33... f5 $11) 34. Nd2 Bb2 35. Nxc4 (35. Rd1 {is more complex.} Bxa3 36. Nb1 Bxg2 37. Nxa3 Nxa3 38. Rxd6+ Kh5 39. Rxa6 Nc4 40. Rf6) 35... Bxc4+ $16 {[%mdl 4096] Endgame KRB-KB} 36. Kd2 d5 37. Bd6 h5 38. Kc2 Bf6 39. Bc5 Bd8 40. Kd2 Bc7 41. Bd4 h4 42. Ra1 Kf5 43. Rh1 a5 44. Bc5 a4 45. Bd4 Bd8 46. Rg1 Ke4 47. Re1 f5 {[%cal Bf7f5,Bf5f4][%mdl 32]} 48. Kc3 (48. Bc5 $11 {keeps the balance.}) 48... Bc7 $17 49. Bf6 (49. Rd1 $17) 49... Bg3 $19 50. Rd1 (50. Kd2 {is the only way for White.} Bxe1+ 51. Kxe1) 50... Kxe3 51. Bxg5+ f4 52. Bf6 Ke2 53. Rd2+ {[#]} Kf1 $1 54. Kd4 (54. Rc2 {keeps fighting.} Kg1 55. Kd4) 54... Bf2+ 55. Rxf2+ (55. Ke5 $19 Be3 56. Rb2) 55... Kxf2 {KB-KB. Black mates.} 56. Ke5 Kxg2 57. Kxf4 Kxh3 58. Kf3 Bb3 59. Be5 Bd1+ 60. Kf2 Kg4 61. Ke3 Bf3 62. Kd4 Kh3 63. Kc5 Be2 {Precision: White = 47%, Black = 55%.} 0-1

[Event "Central-SRB chT 2018"]
[Site "Kragujevac"]
[Date "2018.09.18"]
[Round "6"]
[White "Dimitrijevic, Radmilo"]
[Black "Stankovic, Dragan P"]
[Result "1/2-1/2"]
[WhiteElo "2247"]
[BlackElo "2229"]
[Annotator "TA"]
[PlyCount "32"]
[EventDate "2018.09.14"]
[EventType "team-tourn"]
[EventCountry "SRB"]
[SourceTitle "playchess.com"]
[Source "ChessBase"]
[SourceQuality "1"]

{[%evp 10,32,-1,-6,22,-3,3,0,0,0,-9,-13,-8,-10,0,0,0,-13,-12,-6,0,-3,0,-8,2]} 1. e4 c5 2. Nc3 e6 3. g3 d5 4. exd5 exd5 5. d3 Nf6 6. Bg2 {LiveBook: 138 Games. The position is equal.} Bg4 {B23: Closed Sicilian: Lines without g3} (6... d4 7. Ne4 Nxe4 8. Bxe4 Bd6 9. Qh5 Nd7 10. Bg5 Nf6 11. Bxf6 Qxf6 12. Kf1 h6 13. Kg2 g6 14. Qf3 Qxf3+ 15. Nxf3 O-O 16. Rhe1 Kg7 {1-0 (50) Shanava,K (2578)-Hasangatin,R (2504) Pardubice 2012}) 7. Nf3 d4 8. Ne2 Nc6 9. h3 Bd7 10. O-O $146 ({Predecessor:} 10. Bg5 Be7 11. Nf4 O-O 12. O-O h6 13. Bxf6 Bxf6 14. Nd5 {0-1 (41) Linder,O (2125)-Litvinov,D Germany 1999}) 10... Bd6 11. Bf4 Bxf4 (11... Bf5 {feels hotter.} 12. Nd2 O-O 13. Nc4 Bb8 14. Re1 Re8) 12. Nxf4 O-O 13. Qd2 Re8 14. Rfe1 Qb6 15. c3 dxc3 16. bxc3 Qa5 1/2-1/2

[Event "Central-SRB chT 2018"]
[Site "Kragujevac"]
[Date "2018.09.18"]
[Round "6"]
[White "Gavrilovic, Leonardo"]
[Black "Radovic, Janko"]
[Result "0-1"]
[WhiteElo "2243"]
[BlackElo "2405"]
[Annotator "TA"]
[PlyCount "84"]
[EventDate "2018.09.14"]
[EventType "team-tourn"]
[EventCountry "SRB"]
[SourceTitle "playchess.com"]
[Source "ChessBase"]
[SourceQuality "1"]

{[%evp 16,84,0,-3,-4,-5,-5,-22,0,0,0,-1,0,0,0,0,0,-53,-18,-38,-38,-45,-42,-33,-34,-87,-72,-72,-74,-81,-82,-83,-77,-105,-108,-154,-148,-136,-134,-174,-172,-164,-172,-172,-161,-182,-161,-283,-294,-307,-271,-350,-344,-336,-178,-382,-369,-378,-378,-388,-367,-495,-495,-495,-488,-475,-474,-864,-842,-933,-926]} 1. e4 c5 2. Nf3 d6 3. c3 Nf6 4. Be2 Bd7 5. d3 g6 6. O-O {B50: Sicilian: 2...d6, Miscellaneous} Bg7 7. Re1 (7. Be3 O-O 8. Nbd2 Nc6 9. h3 e5 10. a3 b6 11. b4 Nh5 12. Re1 Nf4 13. Bf1 Ne6 {0-1 (45) Aronian,L (2764)-Vachier Lagrave,M (2789) Stavanger 2018}) 7... O-O 8. Bf1 Nc6 9. Nbd2 {LiveBook: 7 Games} Rc8 10. a4 e5 $146 ({Predecessor:} 10... Qc7 11. h3 Rfd8 12. Qe2 b6 13. Nc4 d5 14. exd5 Nxd5 {½-½ (75) Chan,D (2396)-Behling,H (2383) ICCF email 2004}) 11. b3 d5 12. Ba3 b6 13. b4 cxb4 14. cxb4 Re8 $36 {[%mdl 2048] Black has good play.} 15. b5 Na5 16. Nb3 (16. Rc1 $11) 16... Nb7 17. h3 d4 18. Nbd2 Nh5 19. Nc4 Qc7 20. Qd2 (20. Bb4 $15) 20... Be6 $17 {[%cal Re6c4]} 21. Rac1 {[#] And now Ncxe5 would win.} Qb8 $1 22. Nb2 Nf6 23. Rxc8 Rxc8 24. Qd1 Qc7 25. Ng5 Qc3 26. Qa1 Bb3 27. Nc4 Qxa1 (27... Bxc4 28. Qxc3 dxc3 29. dxc4 $17) 28. Rxa1 Bxc4 29. dxc4 h6 30. Nf3 Nxe4 31. Bb4 (31. Re1 $142 f5 32. Nh4) 31... Nec5 $19 32. a5 Nb3 ({Resist} 32... Nxa5 33. Nd2 $19) (32... bxa5 33. Bxc5 Rxc5 34. Nd2 $19) 33. Re1 bxa5 ({Not} 33... N7xa5 34. Nxe5 Bxe5 35. Rxe5 $17) 34. Ba3 Re8 (34... f6 $142 {Threatens to win with ...Bf8.} 35. Bd3 Bf8) 35. Bd3 $2 {[#]} (35. c5 Bf8 36. Rxe5 Rxe5 37. Nxe5) 35... N3c5 36. Bb1 {intending Nxd4!} e4 37. Nd2 {[%cal Rd2e4]} d3 38. Nxe4 Rxe4 {Black is clearly winning.} ({Weaker is} 38... Nxe4 39. Bxd3 Nbd6 40. Re2 $19) 39. Rxe4 Nxe4 40. Bxd3 Nbc5 41. Bxe4 (41. Bc2 $142) 41... Nxe4 42. c5 Bf8 {Precision: White = 33%, Black = 78%.} 0-1

[Event "Central-SRB chT 2018"]
[Site "Kragujevac"]
[Date "2018.09.18"]
[Round "7"]
[White "Parligras, Mircea-Emilian"]
[Black "Atakisi, Umut"]
[Result "1-0"]
[WhiteElo "2623"]
[BlackElo "2397"]
[Annotator "TA"]
[PlyCount "73"]
[EventDate "2018.09.14"]
[EventType "team-tourn"]
[EventCountry "SRB"]
[SourceTitle "playchess.com"]
[Source "ChessBase"]
[SourceQuality "1"]

{[%evp 20,73,25,-4,24,21,13,6,42,34,49,31,63,37,92,46,62,55,68,34,54,57,96,85,89,95,77,83,72,80,204,210,210,217,204,222,214,222,223,221,223,210,214,217,1803,1781,5506,5505,5489,5481,29991,29992,29992,29993,29993,29994]} 1. d4 d5 2. c4 c6 3. Nf3 Nf6 4. Nc3 dxc4 5. a4 Bf5 6. Ne5 Nbd7 {[%cal Bb8d7,Bd7b6,Bb6d5][%mdl 32]} 7. Nxc4 Nb6 8. Ne3 {D17: Slav Defence: 5 a4 Bf5: Lines with 6 Nh4 and 6 Ne5} (8. Ne5 a5 9. e3 Nbd7 10. Bd3 Bxd3 11. Nxd3 g6 12. Qb3 Qb6 13. Qxb6 Nxb6 14. Ke2 Bg7 15. Nc5 Ra7 16. e4 O-O {½-½ (49) Vidit,S (2707)-Bu,X (2725) Liaocheng 2018}) 8... Bg6 9. a5 Nbd5 10. g3 e6 11. Bg2 {LiveBook: 6 Games} Be7 (11... Bb4 $5 {[%cal Rd5c3]} 12. Qb3 Bxa5 $11) 12. O-O O-O 13. Qb3 Rb8 14. Nc4 {[#]} h6 $146 ({Predecessor:} 14... Qc8 15. Bd2 Rd8 16. Rfc1 {1-0 (49) Piket,J (2619)-Godena,M (2552) France 1999}) 15. Rd1 Qc8 16. Bd2 b6 (16... Rd8 $14) 17. a6 Bh7 18. Rdc1 Nxc3 19. bxc3 {[%cal Bb2c3,Bc3c4][%mdl 32]} b5 20. Ne5 Be4 21. c4 Bxg2 22. Kxg2 {Threatens to win with Qf3.} Nd7 23. Nd3 Bf6 24. Be3 e5 (24... Qe8 $16) 25. dxe5 $18 Nxe5 26. Nxe5 ({Worse is} 26. Bxa7 Nxd3 27. Qxd3 Ra8 $11) 26... Bxe5 {[#]} 27. Ra2 $1 Qd7 28. Rd2 Qe7 29. cxb5 Rxb5 30. Qc4 Rc8 31. Rcd1 Qa3 $2 (31... Rb4 32. Qc2 Qe8) 32. Rd8+ Rxd8 33. Rxd8+ Kh7 34. Qxf7 {[#] Threatening mate with Qf5+.} Bf6 35. Qg8+ {White mates.} Kg6 36. Qe8+ Kh7 37. Qe4+ {Precision: White = 84%, Black = 31%.} 1-0

[Event "Central-SRB chT 2018"]
[Site "Kragujevac"]
[Date "2018.09.18"]
[Round "7"]
[White "Damljanovic, Branko"]
[Black "Gajic, Mladen"]
[Result "1-0"]
[WhiteElo "2470"]
[BlackElo "2291"]
[Annotator "TA"]
[PlyCount "183"]
[EventDate "2018.09.14"]
[EventType "team-tourn"]
[EventCountry "SRB"]
[SourceTitle "playchess.com"]
[Source "ChessBase"]
[SourceQuality "1"]

{[%evp 13,183,24,41,12,27,36,35,38,60,56,74,33,81,56,66,48,60,46,42,43,137,128,167,163,151,147,147,150,185,186,193,180,183,193,187,184,184,188,185,193,286,285,285,285,285,277,295,291,361,361,383,382,382,382,368,334,356,297,341,341,366,347,341,297,305,277,341,334,334,292,292,270,270,270,270,270,270,270,270,270,270,270,270,0,270,270,270,270,270,0,270,270,300,300,300,300,300,300,362,300,300,300,300,300,300,300,300,300,300,300,300,300,300,300,300,300,300,300,300,0,300,300,300,300,300,300,300,300,300,300,300,300,287,229,229,229,229,229,229,229,356,229,229,229,229,229,229,229,456,420,563,545,501,485,832,796,761,633,773,772,763,762,1839,1763,1655,1563,29977,29979,29979,29979,5122,5061]} 1. Nf3 b6 2. e4 Bb7 3. Nc3 e6 4. d4 Bb4 5. Bd3 Nf6 6. Qe2 d5 7. exd5 Nxd5 8. Bd2 {B00: Queen's Fianchetto Defence, Nimzowitsch Defence} (8. O-O O-O 9. Nxd5 Qxd5 10. c4 Qh5 11. Be4 Bxe4 12. Qxe4 c6 13. Bf4 Qg6 14. Qxg6 hxg6 15. c5 bxc5 {1-0 (47) Werle,J (2527)-Jonkman,H (2402) Haarlem 2017}) 8... Bxc3 9. bxc3 Nd7 10. O-O {White is slightly better.} N5f6 11. Rfe1 O-O $146 ({Predecessor:} 11... h6 12. c4 O-O 13. a4 c5 14. c3 Qc7 15. Ne5 Nxe5 {1-0 (55) Yeoh,L-Awatramani,J Kemer 2007}) 12. Ne5 c5 13. Bg5 {aiming for Nxd7.} Qc7 14. Nxd7 Nxd7 15. Qh5 {[%csl Gd3][%cal Rh5h7]} g6 $1 {[%cal Rg6h5]} 16. Qh6 c4 {[#]} (16... Rae8 $14) 17. Re3 $1 $16 {[%cal Re3h3] White wants to mate with Rh3.} Qc6 {[%csl Gb7][%cal Rc6g2]} (17... cxd3 18. Rh3 Nf6 19. Bxf6 Qxh2+ 20. Rxh2 dxc2 21. Qxh7#) 18. Be4 Qxe4 19. Rxe4 Bxe4 20. Re1 $40 {[%mdl 128] White attacks with force.} Bd5 21. Be7 Rfe8 22. Bd6 {Black must now prevent Re3.} Kh8 23. Re3 {Rh3 would kill now.} Rg8 24. Qf4 Rg7 25. Be7 Re8 26. Bg5 {Bh6 is the strong threat.} f6 (26... h5 $142 27. h4 Rc8) 27. Bxf6 $18 Nxf6 28. Qxf6 Kg8 29. Qe5 Rd7 30. h4 {[%cal Bh2h4,Bh4h5,Bh5h6][%mdl 32]} Rf8 31. h5 Rf5 32. Qb8+ Rf8 33. Qh2 Rg7 34. h6 Rd7 35. Re5 Rdf7 36. f3 Rd7 37. Qg3 Kf7 38. Qg5 Ke8 39. Qe3 {Threatens to win with Rxd5!} Re7 40. Qc1 Rff7 41. Kh2 Kd7 42. Kg3 Kc6 43. a4 a5 44. Qb2 Kb7 45. Qb5 Rd7 46. Kf2 Rd8 47. Re1 {Hoping for Rb1.} Ka7 48. Re5 Kb7 $1 49. Qb1 Rdd7 50. Kg3 Rde7 51. Qc1 Kc6 $1 52. Kh3 Kd7 53. f4 Rf8 54. g4 Ref7 55. Kg3 Re7 56. Kh4 Ree8 57. Kg5 Rf7 58. Re1 Rff8 59. Qe3 Kc6 60. Rb1 Rf7 61. Rb5 Rd7 62. Kh4 Rf8 63. Qe5 Kb7 64. Rb1 Kc6 65. Qe3 Rdf7 66. Kg5 $2 (66. Rf1 $18) 66... Rd7 $2 {[%mdl 8192]} (66... Re8 $1 $11 {and Black has nothing to worry.} 67. Qc1 Rb8) 67. Qc1 Kc7 68. Qa3 Rff7 69. Qb2 Rd6 70. Qb5 Rf8 71. Re1 Rd7 72. Re5 Rd6 73. f5 gxf5 74. gxf5 Rxf5+ 75. Rxf5 exf5 {[%mdl 4096] Endgame KQ-KRB} 76. Qe8 ({Don't play} 76. Kxf5 $6 Rxh6 77. Ke5 (77. Qxd5 $2 Rh5+ 78. Ke4 Rxd5 $19) 77... Rd6) 76... f4 (76... Rd7 $142 77. Kxf5 Bc6) 77. Qe7+ ({Less strong is} 77. Kxf4 Rxh6 78. Qh8 Rh2 $18) 77... Rd7 78. Qe5+ Kb7 79. Kxf4 Rf7+ 80. Kg5 Rd7 $2 (80... Kc6 {is a better defense.} 81. Kg4 Rd7) 81. Qe8 Bc6 {Strongly threatening ...Rd5+.} 82. Qe6 Bxa4 83. Qxc4 Bxc2 (83... Bc6 $142 84. Qd3 b5) 84. d5 Rd6 85. Qd4 a4 {If Black can now play ...a3 this consolidates a bit.} 86. c4 a3 87. Qa1 b5 88. Qxa3 Rg6+ 89. Kf4 bxc4 90. Qb2+ Bb3 {[#]} 91. Qg7+ $1 {[%mdl 512]} Kb6 (91... Rxg7 92. hxg7) 92. Qxg6+ {Precision: White = 80%, Black = 56%.} 1-0

[Event "Central-SRB chT 2018"]
[Site "Kragujevac"]
[Date "2018.09.18"]
[Round "7"]
[White "Csonka, Balazs"]
[Black "Atalik, Suat"]
[Result "1/2-1/2"]
[WhiteElo "2450"]
[BlackElo "2512"]
[Annotator "TA"]
[PlyCount "109"]
[EventDate "2018.09.14"]
[EventType "team-tourn"]
[EventCountry "SRB"]
[SourceTitle "playchess.com"]
[Source "ChessBase"]
[SourceQuality "1"]

{[%evp 20,109,31,36,28,19,20,6,22,17,18,0,9,8,16,-4,14,0,0,0,7,7,36,21,18,0,0,-31,10,-35,-28,-29,-27,-6,-25,-22,-23,-31,-47,-41,-18,-43,27,8,25,23,14,0,0,0,0,0,0,0,0,0,0,0,0,0,0,0,0,0,0,0,0,0,0,0,0,0,0,0,0,0,0,0,0,0,0,0,0,0,0,0,0,0,0,0,0,0]} 1. d4 e6 2. Nf3 Nf6 3. c4 b6 4. g3 Ba6 5. b3 Bb7 6. Bg2 Bb4+ 7. Bd2 a5 8. O-O O-O 9. Qc2 c5 10. dxc5 {E15: Queen's Indian: 4 g3 sidelines, 4 g3 Ba6 and 4 g3 Bb7 early deviations} (10. Bg5 a4 11. Nbd2 h6 12. Bxf6 Qxf6 13. Ne4 Bxe4 14. Qxe4 Nc6 15. Rad1 axb3 16. axb3 cxd4 17. Nxd4 Nxd4 18. Qxd4 Qxd4 19. Rxd4 {1-0 (19) Giri,A (2734)-Ivanchuk,V (2731) Beijing 2013}) 10... Bxc5 11. Nc3 {LiveBook: 8 Games} d5 12. cxd5 {White has an edge.} exd5 13. Na4 $146 ({Predecessor:} 13. Rad1 Re8 14. Bf4 Na6 15. Be5 Ng4 16. Bd4 Rc8 17. Qb2 Bf8 {½-½ (28) Florian,J (2423)-Lifanov,V (2424) ICCF email 2014}) 13... Nbd7 14. Nxc5 bxc5 15. Bg5 Qb6 16. Rac1 Ne4 17. Rfd1 Qe6 18. Bd2 h6 19. Be1 Rfc8 20. Nd2 Nxd2 21. Qxd2 {[%cal Rg2d5]} Nf6 {[%cal Bd7f6,Bf6e4,Be4g5,Bg5e6][%mdl 32]} 22. Rc2 Ne4 23. Qc1 Qe7 24. f3 Ng5 25. Bf2 {[%cal Rf2c5]} d4 26. h4 Ne6 27. Qd2 a4 28. Rdc1 axb3 29. axb3 Rcb8 30. Bh3 Bd5 (30... Ba6 $15) 31. Bxe6 $1 $11 Qxe6 32. Rxc5 Bxb3 33. Bxd4 {The position is equal.} Ra2 34. Qe3 Rxe2 35. Qxe6 Bxe6 36. R5c2 Rxc2 37. Rxc2 {[%mdl 4096] Endgame KRB-KRB} Bd5 38. Kf2 Rb3 39. Be3 (39. Rc8+ {keeps more tension.} Kh7 40. Bc3 Rb5 41. Rc7 Kg6 42. g4) 39... f6 40. Rd2 Rb5 41. g4 Kf7 42. Rc2 Ke6 43. Rc7 Rb2+ 44. Kg3 Rb3 45. Kf2 Rb2+ 46. Kg3 Rb3 47. Kf2 g5 48. hxg5 hxg5 49. Ra7 Bb7 (49... Rb2+ {is more complex.} 50. Kg3 Rb3 51. Ra6+ Kf7 52. Kf2 Kg6) 50. Ra2 Rb5 51. Re2 Kf7 52. Rd2 Bd5 53. Bd4 Kg6 54. Rb2 Rxb2+ 55. Bxb2 {Precision: White = 69%, Black = 63%.} 1/2-1/2

[Event "Central-SRB chT 2018"]
[Site "Kragujevac"]
[Date "2018.09.18"]
[Round "7"]
[White "Draskovic, Luka"]
[Black "Petkov, Vladimir"]
[Result "1/2-1/2"]
[WhiteElo "2449"]
[BlackElo "2510"]
[Annotator "TA"]
[PlyCount "25"]
[EventDate "2018.09.14"]
[EventType "team-tourn"]
[EventCountry "SRB"]
[SourceTitle "playchess.com"]
[Source "ChessBase"]
[SourceQuality "1"]

{[%evp 13,25,-8,-8,-5,0,0,6,0,-2,0,0,0,1,0]} 1. c4 e5 2. Nc3 Bb4 3. Nd5 Be7 4. g3 Nf6 (4... c6 5. Nxe7 Qxe7 6. Bg2 Nf6 7. d3 h6 8. Nf3 O-O 9. O-O d5 10. cxd5 cxd5 11. a3 Nc6 12. b4 {1-0 (60) Feller,S (2626)-Arun Prasad,S (2502) Nancy 2015}) 5. Nxe7 Qxe7 6. Bg2 {A21: English Opening: 1...e5 2 Nc3} O-O 7. d3 c6 {LiveBook: 4 Games. The position is equal.} 8. Bg5 $146 ({Predecessor:} 8. Nf3 d5 9. Qb3 e4 10. dxe4 dxe4 11. Nd4 Rd8 12. Nc2 {0-1 (64) Demidov,M (2497)-Tazbir,M (2515) Czech Republic 2016}) 8... h6 9. Bxf6 Qxf6 10. e3 d5 11. cxd5 cxd5 12. Ne2 Nc6 13. O-O 1/2-1/2